Normal view
MARC view
Entry Personal Name
001 - CONTROL NUMBER
- control field: 80378
003 - CONTROL NUMBER IDENTIFIER
- control field: OSt
005 - DATE AND TIME OF LATEST TRANSACTION
- control field: 20201021122324.0
008 - FIXED-LENGTH DATA ELEMENTS
- fixed length control field: 201021|| aca||aabn | a|a d
040 ## - CATALOGING SOURCE
- Original cataloging agency: OSt
- Transcribing agency: OSt
100 ## - HEADING--PERSONAL NAME
- Personal name: Fossard Esta DE & Michael Bailey
670 ## - SOURCE DATA FOUND
- Source citation: Work cat.: (OSt): Fossard Esta DE & Michael Bailey, Using Entertainment - Edcation for Distance Education, 2016









